<?xml version="1.0" encoding="UTF-8"?>
<record
    xmlns:xsi="http://www.w3.org/2001/XMLSchema-instance"
    xsi:schemaLocation="http://www.loc.gov/MARC21/slim http://www.loc.gov/standards/marcxml/schema/MARC21slim.xsd"
    xmlns="http://www.loc.gov/MARC21/slim">

  <leader>00810nam a2200181Ia 4500</leader>
  <controlfield tag="008">090124s9999    xx            000 0 und d</controlfield>
  <datafield tag="082" ind1=" " ind2=" ">
    <subfield code="b">125250</subfield>
  </datafield>
  <datafield tag="100" ind1=" " ind2=" ">
    <subfield code="a">&#x92D;&#x91F; &#x935;&#x93F;&#x920;&#x94D;&#x920;&#x932;&#x930;&#x93E;&#x92F;</subfield>
  </datafield>
  <datafield tag="245" ind1=" " ind2=" ">
    <subfield code="a"> &#x938;&#x93E;&#x92E;&#x93E;&#x91C;&#x93F;&#x915; &#x915;&#x94D;&#x930;&#x93E;&#x902;&#x924;&#x940;&#x91A;&#x93E; &#x905;&#x917;&#x94D;&#x930;&#x926;&#x942;&#x924;(&#x921;&#x949;. &#x92C;&#x93E;&#x92C;&#x93E;&#x938;&#x93E;&#x939;&#x947;&#x92C; &#x906;&#x902;&#x92C;&#x947;&#x921;&#x915;&#x930;)</subfield>
  </datafield>
  <datafield tag="250" ind1=" " ind2=" ">
    <subfield code="a">1</subfield>
  </datafield>
  <datafield tag="260" ind1=" " ind2=" ">
    <subfield code="c">1992</subfield>
  </datafield>
  <datafield tag="300" ind1=" " ind2=" ">
    <subfield code="a">115</subfield>
  </datafield>
  <datafield tag="600" ind1=" " ind2=" ">
    <subfield code="a">&#x92D;&#x91F; &#x935;&#x93F;&#x920;&#x94D;&#x920;&#x932;&#x930;&#x93E;&#x92F;</subfield>
  </datafield>
  <datafield tag="630" ind1=" " ind2=" ">
    <subfield code="a"> &#x938;&#x93E;&#x92E;&#x93E;&#x91C;&#x93F;&#x915; &#x915;&#x94D;&#x930;&#x93E;&#x902;&#x924;&#x940;&#x91A;&#x93E; &#x905;&#x917;&#x94D;&#x930;&#x926;&#x942;&#x924;(&#x921;&#x949;. &#x92C;&#x93E;&#x92C;&#x93E;&#x938;&#x93E;&#x939;&#x947;&#x92C; &#x906;&#x902;&#x92C;&#x947;&#x921;&#x915;&#x930;)</subfield>
  </datafield>
  <datafield tag="700" ind1=" " ind2=" ">
    <subfield code="a">&#x92D;&#x91F; &#x935;&#x93F;&#x920;&#x94D;&#x920;&#x932;&#x930;&#x93E;&#x92F;</subfield>
  </datafield>
  <datafield tag="730" ind1=" " ind2=" ">
    <subfield code="a"> &#x938;&#x93E;&#x92E;&#x93E;&#x91C;&#x93F;&#x915; &#x915;&#x94D;&#x930;&#x93E;&#x902;&#x924;&#x940;&#x91A;&#x93E; &#x905;&#x917;&#x94D;&#x930;&#x926;&#x942;&#x924;(&#x921;&#x949;. &#x92C;&#x93E;&#x92C;&#x93E;&#x938;&#x93E;&#x939;&#x947;&#x92C; &#x906;&#x902;&#x92C;&#x947;&#x921;&#x915;&#x930;)</subfield>
  </datafield>
  <datafield tag="942" ind1=" " ind2=" ">
    <subfield code="c">BOOK</subfield>
  </datafield>
  <datafield tag="999" ind1=" " ind2=" ">
    <subfield code="c">171338</subfield>
    <subfield code="d">171338</subfield>
  </datafield>
  <datafield tag="952" ind1=" " ind2=" ">
    <subfield code="0">0</subfield>
    <subfield code="1">0</subfield>
    <subfield code="4">0</subfield>
    <subfield code="7">0</subfield>
    <subfield code="a">THNMGS</subfield>
    <subfield code="b">THNMGS</subfield>
    <subfield code="d">0000-00-00</subfield>
    <subfield code="g">45.00</subfield>
    <subfield code="l">0</subfield>
    <subfield code="o">125250</subfield>
    <subfield code="p">THNMGS-125250</subfield>
    <subfield code="r">2009-01-24 00:00:00</subfield>
    <subfield code="v">45.00</subfield>
    <subfield code="w">2009-01-24</subfield>
    <subfield code="y">BOOK</subfield>
  </datafield>
</record>
